000 00619nam a2200229Ia 4500
003 OSt
005 20221007072533.0
006 a|||||r|||| 00| 0
007 ta
008 221006b |||||||| |||| 00| 0 eng d
024 _a24,364
037 _cTextual
040 _aFLL
_cFLL
_beng
041 _2eng
_aeng
082 _aZ3:2674:N56, J7
100 _aDavies D. H. Mervyn
_9690886
245 0 _aCopyright act 1956
260 _aLondon
_bSweet & Maxwell Limited UK
_c1957
300 _axii,135p
_ccm.
942 _hZ3:2674:N56, J7
_cTEXL
_2CC
999 _c1146349
_d1146349